书目信息 |
| 题名: |
电气控制与PLC应用
|
|
| 作者: | 范永胜 , 王岷 编 | |
| 分册: | ||
| 出版信息: | 北京 中国电力出版社 2004.08 |
|
| 页数: | 230页 | |
| 开本: | 23cm | |
| 丛书名: | 普通高等教育"十五"规划教材 | |
| 单 册: | ||
| 中图分类: | TM921.5-43 , TP332.3-43 | |
| 科图分类: | ||
| 主题词: | 电气控制--dian qi kong zhi--高等教育--教材 , 可编程序控制器--ke bian cheng xu kong zhi qi--高等教育--教材 | |
| 电子资源: | ||
| ISBN: | 7-5083-2558-3 | |
| 000 | 01127nam 2200289 450 | |
| 001 | 0147593984 | |
| 005 | 20050624093648.11 | |
| 010 | @a7-5083-2558-3@dCNY23.00 | |
| 100 | @a20050506d2004 km y0chiy0120 ea | |
| 101 | 0 | @achi |
| 102 | @aCN@b110000 | |
| 105 | @aa a 000yy | |
| 200 | 1 | @a电气控制与PLC应用@Adian qi kong zhi yu PLC ying yong@f范永胜, 王岷编@Ffan yong sheng,wang min bian |
| 210 | @a北京@c中国电力出版社@d2004.08 | |
| 215 | @a230页@c图@d23cm | |
| 225 | @a普通高等教育"十五"规划教材@Apu tong gao deng jiao yu"shi wu"gui hua jiao cai | |
| 320 | @a有书目 (第230页)。 | |
| 330 | @a本书内容共七章。内容包括:常用低压电器、电器控制线路的基本规律、电器控制线路设计、可编程控制器概述、FX系列可编程控制器编程元件及指令系统等。 | |
| 410 | 0 | @12001 @a普通高等教育"十五"规划教材 |
| 606 | 0 | @a电气控制@Adian qi kong zhi@x高等教育@x教材 |
| 606 | 0 | @a可编程序控制器@Ake bian cheng xu kong zhi qi@x高等教育@x教材 |
| 690 | @aTM921.5-43@v4 | |
| 690 | @aTP332.3-43@v4 | |
| 701 | 0 | @a范永胜@Afan yong sheng@4编 |
| 701 | 0 | @a王岷@Awang min@4编 |
| 801 | 0 | @aCN@bRULIN@c20050624 |
| 905 | @a10447@dTM921.5-43@eF156 | |
| 电气控制与PLC应用/范永胜, 王岷编.-北京:中国电力出版社,2004.08 |
| 230页:图;23cm.-(普通高等教育"十五"规划教材) |
| ISBN 7-5083-2558-3:CNY23.00 |
| 本书内容共七章。内容包括:常用低压电器、电器控制线路的基本规律、电器控制线路设计、可编程控制器概述、FX系列可编程控制器编程元件及指令系统等。 |
| ● |
| 相关链接 |
|
|
|
正题名:电气控制与PLC应用
索取号:TM921.5-43/F156
 
预约/预借
| 序号 | 登录号 | 条形码 | 馆藏地/架位号 | 状态 | 备注 |
| 1 | 520760 | 205207603 | 自科库301/301自科库 21排1列3层/ [索取号:TM921.5-43/F156] | 在馆 | |
| 2 | 520761 | 205207612 | 自科库301/301自科库 21排1列3层/ [索取号:TM921.5-43/F156] | 在馆 | |
| 3 | 520762 | 205207621 | 自科二线404/301自科库 14排3列2层/ [索取号:TM921.5-43/F156] | 在馆 |